LDR 00759naa#a2200181#i#450# 001 EN\\bibl\121071 005 20260606160324.6 011 ## _a2073-0454 100 ## _a20251015b2025####ek#y0engy0150####ca 102 ## _aRU 200 1# _aTransformation of forensic characterization under the influence of modern crime: problems of use in investigation methods and ways to solve them _eJournal article 210 1# _aMoscow _cMoscow University of the Ministry of Internal Affairs of Russia named after V.Ya. Kikot _d2025 215 ## _a6 с. 608 ## _aJournal article _2local 675 ## _aТактика собирания доказательств. 343.985.3 _z 700 #1 _aChulahov _gVladislav Nikolaevich 700 #1 _aMaksimov _gNikolay Valer'yanovich 856 4# _amosumvd.editorum.ru _u